| 000 | 00349pam a2200145 a 4500 | ||
|---|---|---|---|
| 020 |
_a0-07-061565-3 _c |
||
| 041 | _h | ||
| 082 | _a658 | ||
| 100 | _aSCHULTZ, H. | ||
| 245 |
_aBUSINESS SCENARIOUS _hTextual Documents |
||
| 260 |
_aNEW DELHI _bTATA MCGRAW-HILL PUBLISHING COMPANY LTD _c2007 |
||
| 300 | _a142 | ||
| 653 | _aBUSINESS | ||
| 930 | _a19119 | ||
| 999 |
_c138231 _d138231 |
||